<?xml version="1.0" encoding="UTF-8"?>
<record
    xmlns:xsi="http://www.w3.org/2001/XMLSchema-instance"
    xsi:schemaLocation="http://www.loc.gov/MARC21/slim http://www.loc.gov/standards/marcxml/schema/MARC21slim.xsd"
    xmlns="http://www.loc.gov/MARC21/slim">

  <leader>00607nam a22001937a 4500</leader>
  <datafield tag="952" ind1=" " ind2=" ">
    <subfield code="a">0001</subfield>
    <subfield code="b">0001</subfield>
    <subfield code="d">2022-01-19</subfield>
    <subfield code="l">0</subfield>
    <subfield code="o">342.56103 B27r 2010</subfield>
    <subfield code="p">020258</subfield>
    <subfield code="r">2022-01-19 00:00:00</subfield>
    <subfield code="w">2022-01-19</subfield>
    <subfield code="y">BKS</subfield>
  </datafield>
  <datafield tag="999" ind1=" " ind2=" ">
    <subfield code="c">14762</subfield>
    <subfield code="d">14762</subfield>
  </datafield>
  <controlfield tag="003">MIRAKIL</controlfield>
  <controlfield tag="005">20220119162215.0</controlfield>
  <controlfield tag="008">220119b        tu ||||| |||| 00| 0 tur d</controlfield>
  <datafield tag="040" ind1=" " ind2=" ">
    <subfield code="a">TR-AnCHP</subfield>
    <subfield code="c">TR-AnCHP</subfield>
  </datafield>
  <datafield tag="041" ind1=" " ind2=" ">
    <subfield code="a">tur</subfield>
  </datafield>
  <datafield tag="082" ind1=" " ind2=" ">
    <subfield code="a">342.56103</subfield>
    <subfield code="b">B27r 2010</subfield>
  </datafield>
  <datafield tag="100" ind1="1" ind2=" ">
    <subfield code="a">Basa, Necdet</subfield>
  </datafield>
  <datafield tag="245" ind1="1" ind2="0">
    <subfield code="a">RTE'nin"Anayasa Paketine saklad&#x131;&#x11F;&#x131; gizli g&#xFC;ndemi /</subfield>
    <subfield code="c">Necdet Basa.</subfield>
  </datafield>
  <datafield tag="260" ind1=" " ind2=" ">
    <subfield code="a">Ankara : </subfield>
    <subfield code="b">Demokrat Parti Yay&#x131;nlar&#x131;, </subfield>
    <subfield code="c">2010.</subfield>
  </datafield>
  <datafield tag="300" ind1=" " ind2=" ">
    <subfield code="a">102 s. ; </subfield>
    <subfield code="c">23 sm.</subfield>
  </datafield>
  <datafield tag="650" ind1=" " ind2="0">
    <subfield code="9">6953</subfield>
    <subfield code="a">Anayasa de&#x11F;i&#x15F;ikli&#x11F;i</subfield>
    <subfield code="x">T&#xFC;rkiye</subfield>
  </datafield>
  <datafield tag="650" ind1=" " ind2="0">
    <subfield code="9">9</subfield>
    <subfield code="a">Siyaset ve y&#xF6;netim</subfield>
    <subfield code="x">referandum</subfield>
    <subfield code="y">2010</subfield>
    <subfield code="z">T&#xFC;rkiye</subfield>
  </datafield>
  <datafield tag="942" ind1=" " ind2=" ">
    <subfield code="2">ddc</subfield>
    <subfield code="c">BKS</subfield>
  </datafield>
</record>
